Luật kinh doanh (Luật kinh tế) /
Những vấn đề lý luận cơ bản về luật kinh tế ở VN. Địa vị pháp lý của doanh nghiệp NN, hợp tác xã, doanh nghiệp tư nhân, công ty, các doanh nghiệp có vốn đầu tư nước ngoài. Chế độ pháp lý về người kinh doanh...
保存先:
| 第一著者: | |
|---|---|
| その他の著者: | |
| フォーマット: | 図書 |
| 言語: | Vietnamese |
| 出版事項: |
Tp.HCM :
Thống kê,
1999.
|
| 主題: | |
| タグ: |
タグ追加
タグなし, このレコードへの初めてのタグを付けませんか!
|
| Thư viện lưu trữ: | Mạng thư viện Đại học Đà Nẵng |
|---|
| LEADER | 01270cam a2200397 i 4500 | ||
|---|---|---|---|
| 001 | 000043122 | ||
| 003 | 997 | ||
| 005 | 20030915080756.0 | ||
| 008 | 010217b1999 vm 000 vie | ||
| 020 | |c 60000 | ||
| 022 | |a T | ||
| 040 | |a IRC |c IRC |d IRC | ||
| 041 | 0 | |a vie | |
| 082 | 1 | 4 | |a 346.07 |b NG-K |
| 100 | 1 | |a Nguyễn Thị Khế. | |
| 245 | 0 | 0 | |a Luật kinh doanh (Luật kinh tế) / |c Nguyễn Thị Khế, Bùi Thị Khuyên. |
| 260 | |a Tp.HCM : |b Thống kê, |c 1999. | ||
| 300 | |a 749tr. ; |c 20cm. | ||
| 520 | 3 | |a Những vấn đề lý luận cơ bản về luật kinh tế ở VN. Địa vị pháp lý của doanh nghiệp NN, hợp tác xã, doanh nghiệp tư nhân, công ty, các doanh nghiệp có vốn đầu tư nước ngoài. Chế độ pháp lý về người kinh doanh... | |
| 630 | 0 | 4 | |a Kinh tế. |
| 630 | 0 | 4 | |a Pháp luật. |
| 630 | 0 | 4 | |a Luật kinh doanh. |
| 630 | 0 | 4 | |a Luật kinh tế. |
| 650 | 0 | 4 | |a Luật kinh doanh. |
| 650 | 0 | 4 | |a Luật kinh tế. |
| 700 | 1 | |a Bùi Thị Khuyên. | |
| OWN | |a DUT | ||
| 999 | |a From the UDN01 | ||
| TYP | |a Monograph | ||
| TYP | |a Printed language | ||
| 980 | |a Mạng thư viện Đại học Đà Nẵng | ||